| 000 | 00949cam a2200289 a 4500 | ||
|---|---|---|---|
| 001 | 1261 | ||
| 005 | 20230828133354.0 | ||
| 008 | 021018s2003 nyu j 000 1 eng | ||
| 020 | _a9780439281348 | ||
| 040 |
_aDLC _cDLC _dDLC _beng |
||
| 050 | 0 | 0 |
_aPZ7.W8606 _bRav 2003 |
| 082 | 0 | 0 |
_aFic _221 |
| 100 | 1 | _aWoodruff, Elvira. | |
| 245 | 1 | 4 |
_aThe Ravenmaster's secret : _bescape from the Tower of London / _cElvira Woodruff. |
| 250 | _a1st ed. | ||
| 260 |
_aNew York : _bScholastic _c2003. |
||
| 300 |
_a225 pages ; _c20 cm. _bIllustrations ; |
||
| 505 | _aR | ||
| 520 | _aThe eleven-year-old son of the Ravenmaster at the Tower of London befriends a Jacobite rebel being held prisoner there. | ||
| 521 |
_a750
_bLexile |
||
| 521 |
_aR
_bRaz-Plus |
||
| 650 | 1 |
_aJacobites _vFiction. |
|
| 650 | 1 |
_aRavens _vFiction. |
|
| 650 | 1 |
_aPrisoners _vFiction. |
|
| 906 |
_a7 _bcbc _corignew _d1 _eecip _f20 _gy-gencatlg |
||
| 942 |
_2ddc _cBK _n0 |
||
| 999 |
_c1261 _d1261 |
||